000 00256nam a2200109Ia 4500
008 220216s9999 xx 000 0 und d
100 _aMajumdar Samir
245 0 _aTyre uniformity
260 _bWheels of India
_c1993
300 _a23-28,59-61
942 _cJS
999 _c71686
_d71686